| 000 | 00834nam a2200205Ii 4500 | ||
|---|---|---|---|
| 003 | JO-AjNU | ||
| 008 | 230605s9999||||xx |||||||||||||| ||und|| | ||
| 040 |
_aJO-AjNU _bara _erda _cJO-AjNU |
||
| 041 | _aara | ||
| 050 | 1 | 4 | _aHT384.S33.S87 1991 |
| 100 | 3 |
_aاعداد السرياني ، محمد محمود , _eauthor _956913 |
|
| 245 | 0 | 0 | _a ملامح التحضر في المملكة العربية السعودية |
| 264 | 3 | 1 | _aالسعودية : جامعة ام القرى ،1991 |
| 300 |
_a110ص _b يحتوي على جداول |
||
| 336 |
_atext _btxt _2rdacontent |
||
| 337 |
_aunmediated _bn _2rdamedia |
||
| 338 |
_avolume _bnc _2rdacarrier |
||
| 490 | 0 | _aسلسلة بحوث العلوم الاجتماعية (16) | |
| 650 | 4 |
_aالمجتمعات الحضرية -السعودية- احوال اجتماعية _956914 |
|
| 999 |
_aA25473 _c29041 _d29041 |
||